Modelo organizacional para las pequeñas y medianas empresas de Nicaragua
El presente documento está basado en el estudio que se realizó a las pequeñas y medianas empresas de Nicaragua, consideradas de gran importancia para el crecimiento económico de nuestro país. Su propósito está fundamentado en la forma en que los pequeños y medianos empresarios nicaragüenses...
| Main Authors: | , , |
|---|---|
| Other Authors: | |
| Format: | Tesis Section = Libro |
| Language: | Undetermined Spanish |
| Published: |
Managua
UNI
2009
|
| Subjects: |
| LEADER | 01459nam a2200277Ia 4500 | ||
|---|---|---|---|
| 008 | 240830s9999 xx 000 0 und d | ||
| 040 | |a BIBLIOTECA-RUPAP Mon 658.1 T866 | ||
| 041 | |a spa | ||
| 082 | |a Mon 658.1 T866 | ||
| 100 | 1 | |a Trujillo Flores, Jacqueline del Socorro | |
| 100 | 1 | |b Tapia Sandino, Xenia del Carmen | |
| 100 | 1 | |c Noguera Rivera, Danilo Humberto | |
| 245 | 1 | 0 | |a Modelo organizacional para las pequeñas y medianas empresas de Nicaragua |
| 260 | |a Managua |b UNI |c 2009 | ||
| 300 | |a 128 p. :il. | ||
| 500 | |a Contiene: anexos e Incluye: CD. | ||
| 502 | |a Tesis (Ingeniero de Sistemas)- UNI, 2009. | ||
| 520 | 3 | |a El presente documento está basado en el estudio que se realizó a las pequeñas y medianas empresas de Nicaragua, consideradas de gran importancia para el crecimiento económico de nuestro país. Su propósito está fundamentado en la forma en que los pequeños y medianos empresarios nicaragüenses organizan sus negocios para desarrollar las diferentes actividades de carácter económico. Dadas las múltiples necesidades que presentan las PYMES, en este estudio realizamos un diagnóstico organizacional. | |
| 650 | 7 | |a ORGANIZACIÓN DE EMPRESAS | |
| 650 | 7 | |b DISEÑO Y ESTRUCTURA ORGANIZACIONAL | |
| 650 | 7 | |c ADMINISTRACION LEGAL DE EMPRESAS | |
| 650 | 7 | |d PROPUESTA DE MODELO ORGANIZACIONAL | |
| 700 | 1 | |a Tutor: |b Zúñiga Morales, Gonzalo de Jesús | |
| 942 | |c BK |2 ddc | ||
| 991 | |a TESIS | ||
| 999 | |c 16833 | ||